Which City In Europe? (Hard) - Statistics

General Stats
  • This quiz has been taken 1,230 times
  • The average score is 11 of 15
Answer Stats
Hint Answer % Correct
Liechtenstein capital Vaduz
92%
Belgian summer Olympics host in 1920. Antwerp
84%
Biggest Ukrainian port Odessa
84%
Third most populous city in Scotland Aberdeen
83%
Turning point of WWII was battle in this Russian city Volgograd
80%
Juventus F.C. comes from here Turin
79%
Mayflower sailed away from this city Plymouth
77%
Solidarity movement emerged in this Polish city Gdansk
76%
Northernmost major French city Lille
69%
Home of worlds oldest university Bologna
67%
Biggest city on Crete Heraklion
66%
Capital of Baden-Württemberg region in Germany Stuttgart
60%
Capital of Vojvodina, second biggest city in Serbia Novi Sad
57%
Second biggest city in Slovakia Košice
44%
Main Romanian seaside city Constanta
39%
No matching quizzes found
Score Distribution
Percent of People with Each Score
Percentile by Number Answered
Your Score History
You have not taken this quiz